Sports Quiz

Random Sports or Numbers Quiz

Can you name the 2002 Royal Rumble Match Quiz Stats

Quiz not verified by Sporcle

Challenge
Share
Tweet
Embed
Score 0/30 Timer 07:00
0 Plays Today
Entrant Number Wrestler % Correct
22Triple H
96.4%
8The Undertaker
94.4%
19Steve Austin
93%
28Kane
93%
26Kurt Angle
89.2%
9Matt Hardy
86.5%
10Jeff Hardy
86.5%
13Christian
84.3%
27Big Show
80.7%
2Goldust
79.7%
29Rob Van Dam
79%
30Booker T
78.8%
1Rikishi
77.9%
11Maven
75.6%
25Mr Perfect
74.2%
Entrant Number Wrestler % Correct
21Test
71.8%
4Bradshaw
68.7%
12Scotty 2 Hotty
67.4%
20Val Venis
63.9%
23The Hurricane
63.2%
7Billy
61.7%
15Chuck
61.4%
16The Godfather
61.4%
14Diamond Dallas Page
60.5%
3Big Bossman
59.3%
5Lance Storm
59.3%
24Faarooq
58.6%
6Al Snow
58.3%
17Albert
58.3%
18Perry Saturn
58.3%

You're not logged in!

Compare scores with friends on all Sporcle quizzes.
Join for Free
OR
Log In

You Might Also Like...

Show Comments

Extras

Top Quizzes Today


Score Distribution

Your Account Isn't Verified!

In order to create a playlist on Sporcle, you need to verify the email address you used during registration. Go to your Sporcle Settings to finish the process.

Report this User

Report this user for behavior that violates our Community Guidelines.

Details: